00425nam a2200157Ia 4500008004100000020001300041082001600054100002100070245004300091250000800134260003400142300003000176500001900206600002700225650001500252240925s9999 xx 000 0 und d a71159975 a621.392 HAY aHayes ,John . P 0aComputer Architecture and Organization a3rd aBoston:bMC Graw-Hillc,1998. axiii,418p.bNAfPhotocopy aIncludes Index aElectronic Engineering aTechnology